Central Library, Doon University
WEBOPAC (ONLINE PUBLIC ACCESS CATALOGUE)

Text Book of Geology (Record no. 60767)

MARC details
000 -LEADER
fixed length control field 00495nam a22001817a 4500
005 - DATE & TIME
control field 20260512162059.0
008 - FIXED-LENGTH DATA ELEMENTS--GENERAL INFORMATION
fixed length control field 260512b |||||||| |||| 00| 0 eng d
020 ## - ISBN
International Standard Book Number 9788123900131
Price 475.00
040 ## - CATALOGING SOURCE
Original cataloging agency Doon University
041 ## - Language
Language English
082 ## - DDC NUMBER
Classification number 551
Book Number MAH
100 ## - MAIN ENTRY--PERSONAL NAME
Personal name Mahapatra, Girija Bhushan
245 ## - TITLE STATEMENT
Title Text Book of Geology
Sub Title : With Special Reference to India
260 ## - PUBLICATION, DISTRIBUTION, ETC. (IMPRINT)
Place of publication, distribution, etc New Delhi
Name of publisher, distributor, etc CBS Publishers
Date of publication, distribution, etc 2026
300 ## - PHYSICAL DESCRIPTION
Pages 366
650 ## - Subject
Subject Geology (PM USHA)
942 ## - ADDED ENTRY ELEMENTS (KOHA)
Koha item type Books
100 ## - MAIN ENTRY--PERSONAL NAME
-- 21076
650 ## - Subject
-- 26712
952 ## - LOCATION AND ITEM INFORMATION (KOHA)
-- 2026-05-12
952 ## - LOCATION AND ITEM INFORMATION (KOHA)
-- 2026-05-12
952 ## - LOCATION AND ITEM INFORMATION (KOHA)
-- 2026-05-12
Holdings
Withdrawn status Lost status Source of classification or shelving scheme Damaged status Not for loan Location (home branch) Sublocation or collection (holding branch) Date acquired Koha issues (times borrowed) Koha full call number Accession No. Koha date last seen Koha item type
          Doon University Doon University 12.05.2026   551 MAH 32989 12.05.2026 Books
          Doon University Doon University 12.05.2026   551 MAH 32990 12.05.2026 Books
          Doon University Doon University 12.05.2026   551 MAH 32991 12.05.2026 Books
Contact : +91-135-2533126 (Library),+91-135-2533105 (Admin Office) , Email : doonlibrary@gmail.com

Powered by Koha